1490 1163 1268 1238 1113 1129 1238 1180 1121 1809 1156 1121 1780 1444 1378 1804 1611 1843 1525 1526 1916 1617 1555 1603 1314 1885 1061 1383 1072 1116 1616 1318 1887 1106 1242 1049 1289 1310 1464 1522 1325 1249 1412 1227 1459 1936 1264 1302 1415 1562 1041 1815 1278 1175 1038 1521 1104 1751 1402 1001 1322 1937 1190 1737 1648 1263 1910 1020 1203 1930 1894 1606 1220 1514 1334 1484 1452 1241 1660 1248 1276 1997 1589 1373 1212 1034 1753 1104 1996 1595 1134 1986 1499 1229 1205 1465 1990 1666 1478 BCNSPRNW ULIB Ver.6.0+V

เปลี่ยนเป็นภาษาไทย

Change to English
 แสดงรายละเอียดบรรณานุกรม
  กลับหน้าหลัก

Brief Record : Get Marc (ISO 2709) : E-mail record : QR code < ปิดหน้าต่าง
LEADER : 00000nam 2200000uu 4500
001    13399128535
003     ULIB
008    230831s2560||||th 000 0 tha d
020    ^a9786163920669
060    ^aWS440^bท468น
100    ^aทิพย์วรรณ แสวงศรี
245    ^aนิทานสร้างเสริมสุขนิสัยที่ดี สอนให้หนูรู้จักดูแลตนเองให้ปลอดภัยจากโรคมือเท้าปาก ติ๊ดตี่โรคมือเท้าปาก
250    ^aพิมพ์ครั้งที่ 1
260    ^aกรุงเทพฯ :^bโลกหนังสือ,^c2560
300    ^a10 หน้า;^c19 ซม.
650    ^aนิทานเด็ก
650    ^aเด็ก-พัฒนาการ
945    ^p60^l0^i010303
999    ^aประนอม เกษจรัล
รายการนี้ยังไม่มีแท็ก
คุณยังไม่ได้ล็อกอิน คุณสามารถมีกิจกรรมร่วมกับเว็บไซต์ได้ แต่ต้องล็อกอินก่อน ::
  ล็อกอิน

รายการสื่อสารสนเทศ

ลำดับที่ ประเภท เลขเรียก/บาร์โค้ด สถานที่ สถานะ
1. วิทยาศาสตร์การแพทย์ และสุขภาพ
วิทยาศาสตร์การแพทย์ และสุขภาพ
WS440 ท468น ฉ.1 
  Barcode: 010303
ห้องสมุดวิทยาเขตสวรรค์ประชารักษ์
►หนังสือทั่วไป
บนชั้น

รายการใกล้เคียง
    ชื่อเรื่อง [นิทานสร้างเสริมสุขนิสัยที่ดี สอนให้หนูรู้จักดูแลตนเองให้ปลอดภัยจากโรคมือเท้าปาก ติ๊ดตี่โรคมือเท้าปาก]

    ผู้แต่ง [ทิพย์วรรณ แสวงศรี]

    หัวเรื่อง [นิทานเด็ก]
    หัวเรื่อง [เด็ก-พัฒนาการ]

BibComment


ยังไม่เคยถูกคอมเมนท์

คอมเมนท์ทรัพยากรรายการนี้
  คอมเมนท์: นิทานสร้างเสริมส..


 Copyright 2026. Bcnsprnw @Library